<The> World Trade Organization law, practice, and policy
Salvato in:
| Autore principale: | |
|---|---|
| Altri autori: | , |
| Natura: | Libro |
| Lingua: | inglese |
| Pubblicazione: |
Oxford
Oxford University Press
2006
|
| Edizione: | 2nd ed. |
| Serie: | <The> Oxford international law library
|
| Soggetti: | |
| Tags: |
Nessun Tag, puoi essere il primo ad aggiungerne!!
|
MARC
| LEADER | 00000nam$a2200000$$$4500 | ||
|---|---|---|---|
| 001 | 0050417 | ||
| 005 | 20240312120112.8 | ||
| 020 | |a 0-19-928456-3 | ||
| 020 | |a 978-0-19-928456-6 | ||
| 041 | 0 | |a eng | |
| 044 | |a GB | ||
| 245 | 1 | 0 | |a <The> World Trade Organization |b law, practice, and policy |c Mitsuo Matsushita, Thomas J. Schoenbaum and Petros C. Mavroidis |
| 250 | |a 2nd ed. | ||
| 264 | 1 | |a Oxford |b Oxford University Press |c 2006 | |
| 300 | |a cvii, 989 s. | ||
| 490 | 1 | |a <The> Oxford international law library | |
| 830 | 0 | |a <The> Oxford international law library | |
| 610 | 2 | 0 | |a Svetová obchodná organizácia |
| 610 | 2 | 0 | |a obchod zahraničný |
| 610 | 2 | 0 | |a obchod medzinárodný |
| 610 | 2 | 0 | |a právo obchodné |
| 610 | 2 | 0 | |a právo medzinárodné |
| 610 | 2 | 0 | |a organizácie ekonomické medzinárodné |
| 100 | 1 | |a Matsushita, Mitsuo | |
| 700 | 1 | |a Schoenbaum, Thomas J. | |
| 700 | 1 | |a Mavroidis, Petros C. | |